Responses for show #4368 - Wednesday, September 10, 2003

Sam Ott game 4.

Contestants

Diane Wing, a product management director from East Lansing, Michigan

Kierre Daniels, an announcer and stay-at-home dad from Schenectady, New York

Sam Ott, a graduate student from Los Angeles, California (whose 3-day cash winnings total $44,002)

Jeopardy! Round responses

BOOKS & AUTHORS
SHE'S CANADIAN, EH?
EATING OUT
(Alex: We'll give you the nickname, you name the state in...)
HOME BOYS
EDUCATION
"BIG" & "LITTLE"
    $200 6
John Grisham

Sam
    $200 16
Shania Twain

Kierre
    $200 1
pizza

Kierre
    $200 11
Massachusetts

Sam
    $200 21
"The Lord's Prayer"

Sam
    $200 26
(Alex: [mispronouncing Snuffleupagus ] Why didn't you help me out sooner when I messed it up the first time!)

Big Bird

Diane
    $400 7
Peter Benchley

Kierre
    $400 17
k.d. lang

Sam
    $400 2
pie

Diane
    $400 12
Kansas

Kierre
    $400 22
(Jimmy) Carter

Sam
    $400 27
The Little Engine That Could

Kierre
    $600 8
Casino Royale

Triple Stumper
    $600 18
Alanis Morissette

Sam
    $600 3
Popeye's

Diane
    $600 13
Minnesota

Kierre
    $600 23
(Kierre: What is the NEA?)

AARP

Kierre
Triple Stumper
    $600 28
(Kierre: What is the [*] World Series?)
(Alex: [*] Baseball, but not just the World Series.)

Little League

KierreDiane
    $800 9
The Little Drummer Girl

Kierre
    $800 19
Diana Krall

Triple Stumper
    $800 4
(Sam: What is Hot Dog on a Stick?)

Hooters

SamDiane
    $800 14
New Hampshire

Kierre
    $800 24
Nashville, Tennessee

Kierre
    $1,500 29
Big Ben

Diane
    $1000 10
The Poisonwood Bible

Triple Stumper
    $1000 20
Avril Lavigne

Kierre
    $1000 5
(Diane: What is Ruth Chris?)

Morton's

SamDiane
    $1000 15
Maryland

Kierre
    $1000 25
(Alex: And a minute to go now.)

Gallaudet

Kierre
    $1000 30
(Sam: What is "Little Firecracker?")

"Little Miss Dynamite"

SamKierre

Scores at the first commercial break (after clue 15):

Sam Kierre Diane
$600 $4,200 $800

Scores at the end of the Jeopardy! Round:

Sam Kierre Diane
$1,200 $7,400 $3,100

Double Jeopardy! Round responses

CRIMEA RIVER
SOCCER'S WORLD CUP
"C" IN SCIENCE
WORLDWIDE PANTS
CLASSICAL COMPOSERS
5-LETTER WORDS
    $400 26
(Sam: What is beer?)

wine

SamKierre
    $400 8
a shootout

Sam
    $400 1
cold-blooded

Sam
    $400 13
hips

Kierre
    $400 21
(Sam: Who is Wagner?)

Johann Sebastian Bach

Sam
Triple Stumper
    $400 3
thumb

Kierre
    $800 27
the Light Brigade

Kierre
    $800 9
Brazil

Kierre
    $800 2
(Sam: What is the crust?)

the core

SamDiane
    $800 14
black

Sam
    $800 22
Beethoven

Sam
    $800 4
quill

Sam
    $1200 28
Mikhail Gorbachev

Kierre
    $1200 10
the United States

Kierre
    $1200 15
(Sam: What is a chemical?)

constant

Sam
Triple Stumper
    $1200 18
sailor

Triple Stumper
    $1200 23
Mozart

Sam
    $1,600 5
tempo

Sam
    $1600 29
[buzzer sounds to end the round]

Yalta

Sam
    $1600 11
France

Kierre
    $1600 16
carbohydrates

Sam
    $1600 19
dungarees

Kierre
    $1600 24
(Alex: Less than a minute now, Sam.)

Dvorak

Triple Stumper
    $1600 6
skein

Diane
    $2,000 12
West Germany

Kierre
    $2000 17
chromosomes

Sam
    $2000 20
white ducks

Triple Stumper
    $2000 25
Rachmaninoff

Sam
    $2000 7
cilia

Kierre

Scores at the end of the Double Jeopardy! Round:

Sam Kierre Diane
$11,600 $19,800 $5,500

[wagering suggestions for these scores]

Final Jeopardy! Round responses

CHARLES LINDBERGH
(Alex: The St. Louis Globe-Democrat, that was the newspaper.)
DianeWhat is St Louis?
$0
SamWhat is St. Louis?
$11,500
KierreWhat is Chicago?
$5,000
St. Louis

Final scores:

Sam Kierre Diane
$23,100 $14,800 $5,500
4-day champion: $67,102 2nd place: $2,000 3rd place: $1,000

Game dynamics:

Coryat scores:

Sam Kierre Diane
$11,200 $19,800 $4,800
18 R
(including 1 DD),
6 W
24 R
(including 1 DD),
2 W
8 R
(including 1 DD),
1 W

Combined Coryat: $35,800

The J! Archive is created by fans, for fans. The Jeopardy! game show and all elements thereof, including but not limited to copyright and trademark thereto, are the property of Jeopardy Productions, Inc. and are protected under law. This website is not affiliated with, sponsored by, or operated by Jeopardy Productions, Inc. Join the discussion at JBoard.tv.